Countries by Number of Water Buffaloes - Statistics

General Stats
  • This quiz has been taken 56 times
  • The average score is 15 of 20
Answer Stats
Water Buffaloes Country % Correct
110,000,000 India
100%
23,779,811 China
98%
34,600,000 Pakistan
96%
1,500,000 Bangladesh
93%
680,000 Cambodia
89%
1,320,600 Indonesia
89%
1,153,000 Laos
89%
3,426,000 Myanmar
89%
1,020,088 Thailand
89%
2,511,900 Vietnam
89%
122,943 Malaysia
87%
5,178,612 Nepal
87%
2,844,149 Philippines
87%
320,690 Sri Lanka
76%
313,000 Iraq
69%
1,319,478 Brazil
67%
121,826 Turkey
56%
3,959,000 Egypt
47%
369,352 Italy
27%
252,317 Azerbaijan
9%
No matching quizzes found
Score Distribution
Percent of People with Each Score
Percentile by Number Answered
Your Score History
You have not taken this quiz